000
00305nam a22001337a 4500
008
171215b xxu||||| |||| 00| 0 eng d
020
_a
1882912012
041
_a
eng
080
_a
038
100
_a
23
101
_a
FJA
245
_a
DICTIONARY OF BUSINESS & FINANCE TERMS
_c
OLDHAM,G,E
942
_2
udc
_c
BK
999
_c
39047
_d
39047